000 01105nam a2200289Ia 4500
003 OSt
005 20221007121740.0
006 a|||||r|||| 00| 0
007 ta
008 221006b |||||||| |||| 00| 0 eng d
020 _a812110128X (hbd)
_cRs.550.00
024 _a7065
037 _bBishen,
_cTextual
040 _aBDL
_cBDL
_beng
041 _2eng
_aeng
082 _aI22-95576, [N6]
100 _aPrasad Braj Nandan
_9712848
245 0 _aAlgal indicators of water pollution by Braj Nandan Prasad and Yashpal Singh
_b Singh Yashpal
260 _aDehra
_bDun Bishen Singh Mahendra Pal Singh
_c1996
300 _avii,263p
_ccm.
500 _aBibliographical references 230-263p; ^n23/CSL/Carb/2000-2001/240^d2000-10-12^mPurchase; ; 2000-2001/321^b2000-11-01^c382^d2000-10-23^eRs.9,522.00^fBishen Singh Mahendra Pal Singh; ; 2000-11-03^bSB^c2000-12-12^dSK
650 _a River algae
_9712849
650 _aBotany
700 _a Singh Yashpal
_9712850
942 _hI22-95576, [N6]
_cTEXL
_2CC
999 _c1209288
_d1209288